000 00500nam a22001457a 4500
008 230501b |||||||| |||| 00| 0 eng d
040 _aNational Science Library
_cNational Science Library
080 _aR 061.2(540)(058)
_bN8
245 _aDainet NGO Directory
_c/ Development Alternatives Information Network
260 _aNew Delhi:
_bDevelopment Alternatives Information Network,
_c1998
500 _aVol. 1(Delhi);xi, 235p.
650 _aIndustries
653 _aDAINET NGO
942 _2udc
_cREF
999 _c25533
_d25533